000 01382nam a2200349Ia 4500
001 ebr10688039
003 CaPaEBR
006 m u
007 cr cn|||||||||
008 080131s2008 njua sb 000 0 eng d
020 _z9789812791733
020 _z9789812791740 (ebook)
020 _z9812791736
040 _aCaPaEBR
_cCaPaEBR
035 _a(OCoLC)815752234
050 1 4 _aQD96.M65
_bA38 2008eb
245 0 0 _aAdvances in multi-photon processes and spectroscopy
_h[electronic resource] .
_nVolume 18 /
_cedited by S.H. Lin, A.A. Villaeys, Y. Fujimura.
246 3 _aAdvances in multiphoton processes and spectroscopy
260 _aHackensack, NJ :
_bWorld Scientific,
_cc2008.
300 _axii, 290 p. :
_bill.
504 _aIncludes bibliographical references.
533 _aElectronic reproduction.
_bPalo Alto, Calif. :
_cebrary,
_d2013.
_nAvailable via World Wide Web.
_nAccess may be limited to ebrary affiliated libraries.
650 0 _aMolecular spectra.
650 0 _aMultiphoton processes.
650 0 _aSpectrum analysis.
655 7 _aElectronic books.
_2local
700 1 _aFujimura, Y.
_q(Yuichi)
700 1 _aLin, S. H.
_q(Sheng Hsien),
_d1937-
700 1 _aVillaeys, A. A.
710 2 _aebrary, Inc.
856 4 0 _uhttp://site.ebrary.com/lib/rucke/Doc?id=10688039
_zAn electronic book accessible through the World Wide Web; click to view
999 _c29669
_d29669